Frontières du Mali - Statistiques

Statistiques générales
  • Ce quiz a été pris 122 fois
  • Le résultat moyen est 6 sur 7
Statistiques - réponses
Taille de la frontière Pays % Correct
1376 km Algérie
98%
821 km Niger
96%
2237 km Mauritanie
93%
1000 km Burkina Faso
90%
858 km Guinée
88%
419 km Sénégal
88%
532 km Côte d'Ivoire
84%
Aucun quiz correspondant
Distribution des résultats
% des personnes avec chaque résultat
Percentile par nombre de réponses
Votre historique - résultats
Vous n’avez pas pris ce quiz